000 00449pab a2200181 454500
008 180718b2010 xxu||||| |||| 00| 0 eng d
100 _aHyson, Stewart
245 _aThe ombudsman and e-government in Canada
260 _c2010
300 _ap.183-200.
362 _aJun
650 _aE governance - Canada
650 _aOmbudsman - Canada
650 _aOmbudsman
773 _aCanadian Public Administration
908 _aN
909 _a87297
999 _c87297
_d87297